| 000 | 01042nas a2200313 4500 | ||
|---|---|---|---|
| 001 | BR2013006306 | ||
| 003 | BR-BrBNA | ||
| 005 | 20231205122750.0 | ||
| 007 | ta | ||
| 008 | 230509b bl.|||p| |||| 00| 00por d | ||
| 040 |
_aBR-BrBNA _bpor _cBiblioteca Nacional de Agricultura |
||
| 041 | _a(En) | ||
| 072 | _aF04 | ||
| 100 | 1 | _aBernardi, A.C. de C. | |
| 100 | 1 | _aMonte, M.B. de M. | |
| 100 | 1 | _aPaiva, P.R.P. | |
| 100 | 1 | _aWerneck, C.G. | |
| 100 | 1 | _aHaim, P.G. | |
| 100 | 1 | _aBarros, F. de S. | |
| 245 | 1 | _aDry matter production and nutrient accumulation after successive crops of lettuce, tomato, rice and andropogon grass in a substrate with zeolite | |
| 650 | _aALFACE | ||
| 650 | _aTOMATE | ||
| 650 | _aSUBSTRATO DE CULTURA | ||
| 650 | _aMATÉRIA SECA | ||
| 773 | 0 |
_tRevista Brasileira de Ciência do Solo (Brazil) _xISSN 0100-0683 _g(Mar-Apr 2010), v. 34(2) p. 435-442 _wBR2013006306 |
|
| 856 | 4 | 0 | _uhttp://www.scielo.br/pdf/rbcs/v34n2/v34n2a17.pdf |
| 909 |
_a202311 _bLúcia _c55 _dLúcia Elande |
||
| 942 |
_2AGRIS _n0 _cANA |
||
| 999 |
_c230438 _d230438 |
||